000 00430nam a22001457a 4500
999 _c15345
_d15345
082 _a631.7
_bPAR/DE
100 _aPARVATHY, S
_93019
245 _aDetermination of constants in uniform flow formula for small discharges in open channels
260 _aTavanur
_bKelappaji College of Agricultural Engineering and Technology
_c1990
300 _a103
500 _athesis
520 _athesis
650 _athesis
_92982
942 _cTH